[Event "RUS-ch sf"]
[Site "Tula"]
[Date "1998.??.??"]
[Round "5"]
[White "Gavritenkov, Sergei"]
[Black "Shabanov, Yuri"]
[Result "1/2-1/2"]
[WhiteElo "2245"]
[BlackElo "2495"]

1.e4 d6 2.d4 Nf6 3.Nc3 Nbd7 4.Nf3 e5 5.Bc4 Be7 6.O-O O-O 7.Re1 c6 8.a4 a5
9.h3 h6 10.b3 Re8 11.Ba3 Bf8 12.dxe5 dxe5 13.Bxf8 Kxf8 14.Qd2 Qe7 15.Rad1 Nb6
16.Bf1 Qc5 17.Na2 Nh5 18.Nc1 Nf4 19.Kh2 Be6 20.Qd6+ Qxd6 21.Rxd6 Ke7 22.Rd2 f6
23.g3 Ng6 24.h4 Bg4 25.Be2 Red8 26.Red1 Rxd2 27.Rxd2 Nf8 28.Kg2 Be6 29.Ne1 Nfd7
30.Kf3 Nc8 31.Ke3 Nd6 32.Na2 b5 33.axb5 cxb5 34.Nc3 b4 35.Nd5+ Bxd5 36.Rxd5 Nc8
37.f4 Ncb6 38.Rb5 exf4+ 39.gxf4 Kd6 40.Nf3 a4 41.bxa4 Rxa4 42.Nd4 Kc7 43.Ne6+ Kc6
44.Nxg7 Nc5 45.Nf5 Ra3+ 46.Kf2 Nxe4+ 47.Kg2 Nd5 48.Nd4+ Kd6 49.Nf5+  1/2-1/2

[Event "Vienna op 13th"]
[Site "Vienna"]
[Date "1998.??.??"]
[Round "?"]
[White "Raubal, Martin"]
[Black "Hangweyrer, Manfred"]
[Result "1/2-1/2"]
[WhiteElo "2235"]
[BlackElo "2385"]

1.e4 d6 2.d4 Nf6 3.Nc3 c6 4.a4 e5 5.dxe5 dxe5 6.Qxd8+ Kxd8 7.Bc4 Bb4 8.Bd2 Ke7
9.Nf3 Nbd7 10.O-O a5 11.h3 Re8 12.Rfe1 Kf8 13.Na2 Bxd2 14.Nxd2 Nc5 15.Nc3 h6
16.Rad1 Be6 17.f3 Nh5 18.Kf2 Nf4 19.b3 f6 20.Ne2 Nxe2 21.Kxe2 Red8 22.Ke3 Ke7
23.h4 Rd4 24.Bxe6 Kxe6 25.Nc4 Rad8 26.Ke2 Ra8  1/2-1/2

[Event "Vienna op 13th"]
[Site "Vienna"]
[Date "1998.??.??"]
[Round "?"]
[White "Pirrot, Dieter"]
[Black "Novak, Ivan"]
[Result "1/2-1/2"]
[WhiteElo "2390"]
[BlackElo "2345"]

1.e4 d6 2.d4 Nf6 3.Nc3 Nbd7 4.Nf3 e5 5.Bc4 Be7 6.O-O O-O 7.a4 c6 8.Ba2 b6
9.Re1 a6 10.Bg5 Bb7 11.Qd3 Ng4 12.Bxe7 Qxe7 13.h3 Ngf6 14.Rad1 b5 15.a5 Rad8
16.Qe3 b4 17.Na4 c5 18.dxe5 Nxe5 19.Bd5 Nxf3+ 20.Qxf3 Bxd5 21.exd5 Qd7 22.b3 Qb5
23.Nb2 Qxa5 24.Ra1 Qb5 25.Nc4 Qb7  1/2-1/2

[Event "Vienna op 13th"]
[Site "Vienna"]
[Date "1998.??.??"]
[Round "?"]
[White "Neumeier, Klaus"]
[Black "Mira, Helene"]
[Result "1-0"]
[WhiteElo "2255"]
[BlackElo "2170"]

1.e4 d6 2.d4 Nf6 3.Nc3 c6 4.f4 Qa5 5.Bd3 e5 6.Nf3 Nbd7 7.h3 exd4 8.Nxd4 Nc5
9.O-O Nxd3 10.Qxd3 Bd7 11.Bd2 Qa6 12.Qe3 O-O-O 13.a4 Re8 14.b4 Qc4 15.Nb3 Nxe4
16.Nxe4 Rxe4 17.Qxa7 Qa6 18.Qf2 Qe2 19.Qg3 f5 20.Rfe1 Qc4 21.Bc3 Rg8 22.Nd2 Rxe1+
23.Rxe1 Qd5 24.h4 g6 25.Qe3 Bg7 26.Bxg7 Rxg7 27.Qc3 Rf7 28.Nc4 Kb8 29.Nb6 Qa2
30.Qh8+ Ka7 31.Qa8+  1-0

[Event "Vienna op 13th"]
[Site "Vienna"]
[Date "1998.??.??"]
[Round "?"]
[White "Weinzettl, Ernst"]
[Black "Novak, Ivan"]
[Result "1-0"]
[WhiteElo "2410"]
[BlackElo "2345"]

1.e4 d6 2.d4 Nf6 3.Nc3 e5 4.Nf3 Nbd7 5.g3 g6 6.Bg2 Bg7 7.O-O O-O 8.h3 c6
9.a4 a5 10.Be3 exd4 11.Nxd4 Re8 12.Nb3 Ne5 13.Nd2 Re7 14.f4 Ned7 15.Bf2 Nb6
16.Kh2 d5 17.e5 Nfd7 18.Nf3 f6 19.exf6 Nxf6 20.Ne5 Nfd7 21.Nd3 Nc4 22.Nxd5 Rf7
23.Ne3 Nxb2 24.Nxb2 Bxb2 25.Rb1 Bg7 26.Nc4 Rf8 27.Nd6 Qc7 28.c4 Nf6 29.c5 Rb8
30.Re1 Kh8 31.Bd4 Qd7 32.Rb3 b5 33.Rbe3 Nd5 34.Re8 Bb7 35.Rxb8 Rxb8 36.Bxg7+ Qxg7
37.Bxd5 cxd5 38.axb5 Rd8 39.c6 Bc8 40.Qxd5  1-0

[Event "Donau op"]
[Site "Vienna"]
[Date "1998.??.??"]
[Round "7"]
[White "Dueckstein, Andreas"]
[Black "Stuhlik, Marko"]
[Result "1-0"]
[WhiteElo "2360"]
[BlackElo "2230"]

1.e4 d6 2.d4 Nf6 3.Nc3 c6 4.Nf3 g6 5.Be2 Bg7 6.O-O O-O 7.h3 Qc7 8.Bf4 Nh5
9.Be3 e5 10.Qd2 b5 11.a3 a6 12.Rad1 Re8 13.g4 Nf6 14.dxe5 dxe5 15.Bc5 Nbd7
16.Bd6 Qb6 17.b4 Bf8 18.Bxf8 Nxf8 19.Qg5 N6d7 20.Rd6 Qc7 21.Rfd1 a5 22.Qe3 Re6
23.R6d2 f6 24.Bf1 Kg7 25.Nh4 Re7 26.Qg3 Kh8 27.Qe3 Kg7 28.Ne2 Nb6 29.Ng3 Be6
30.Qc5 Na4 31.Qe3 Nb6 32.g5 Rf7 33.gxf6+ Rxf6 34.Qg5 h6 35.Nh5+  1-0

[Event "Donau op"]
[Site "Vienna"]
[Date "1998.??.??"]
[Round "9"]
[White "Balinov, Ilija"]
[Black "Hangweyrer, Manfred"]
[Result "1-0"]
[WhiteElo "2485"]
[BlackElo "2385"]

1.e4 d6 2.d4 Nf6 3.Nc3 c6 4.f4 Qa5 5.Bd3 e5 6.Nf3 Bg4 7.dxe5 dxe5 8.f5 Nbd7
9.Bd2 Qc7 10.h3 Bxf3 11.Qxf3 b5 12.a4 b4 13.Na2 a5 14.Nc1 Bc5 15.Nb3 Ba7
16.Bg5 h6 17.Bh4 Qb6 18.O-O-O Qe3+ 19.Kb1 Qxf3 20.gxf3 Bb6 21.Bc4 Bc7 22.Rhg1 Rg8
23.Nc5 Rd8 24.Nb7 Rc8 25.Nd6+ Bxd6 26.Rxd6 Ke7 27.Rxd7+ Kxd7 28.Bxf7 Ke7
29.Bxg8 Rxg8 30.Bxf6+  1-0

[Event "Villa Martelli"]
[Site "Villa Martelli"]
[Date "1998.??.??"]
[Round "1"]
[White "Milos, Gilberto"]
[Black "Rodriguez, Andres URU"]
[Result "1/2-1/2"]
[WhiteElo "2555"]
[BlackElo "2475"]

1.e4 d6 2.d4 Nf6 3.Nc3 c6 4.Nf3 Bg4 5.Be2 e6 6.d5 exd5 7.exd5 Be7 8.O-O O-O
9.Bf4 Qb6 10.Rb1 Nxd5 11.Nxd5 cxd5 12.Qxd5 Nc6 13.Qd2 Bf6 14.Be3 Qc7 15.h3 Bf5
16.Bd3 Bxd3 17.Qxd3 Ne5 18.Nxe5 dxe5 19.c4 Rfd8 20.Qe4 Be7 21.b4 g6 22.c5 Bf8
23.Qc4 a6 24.f4 exf4 25.Bxf4 Qd7 26.Be5 Qd5 27.Qf4 Rd7 28.Bf6 Qxa2 29.b5 Qd2
30.c6 bxc6 31.bxc6  1/2-1/2

[Event "GER-ch int Seniors"]
[Site "Weilburg"]
[Date "1998.??.??"]
[Round "6"]
[White "Hobusch, Werner"]
[Black "Braun, Gottfried"]
[Result "0-1"]
[WhiteElo "2135"]
[BlackElo "2325"]

1.e4 d6 2.d4 Nf6 3.Nc3 e5 4.dxe5 dxe5 5.Qxd8+ Kxd8 6.Nf3 Bd6 7.Bc4 Be6 8.Bxe6 fxe6
9.Be3 Nc6 10.O-O-O Ke7 11.a3 h6 12.h3 Rhb8 13.Nd2 b5 14.Ncb1 Nd7 15.g4 Bc5
16.Rhe1 Rf8 17.f3 Bb6 18.Nc3 Nd4 19.Rf1 Ne2+ 20.Nxe2 Bxe3 21.Ng1 Nb6 22.b3 Rad8
23.Rfe1 Bg5 24.c3 a5 25.Kc2 a4 26.bxa4 bxa4 27.Nb1 Nc4 28.Rd3 Rb8  0-1

[Event "GER-ch int Seniors"]
[Site "Weilburg"]
[Date "1998.??.??"]
[Round "7"]
[White "Davydov, Mikhail"]
[Black "Breustedt, Werner"]
[Result "1/2-1/2"]
[WhiteElo "2190"]
[BlackElo "2230"]

1.e4 c6 2.d4 d6 3.Nc3 Nf6 4.f3 b5 5.Bg5 a6 6.a4 b4 7.Na2 a5 8.Nc1 Nbd7 9.Nb3 e6
10.Nh3 Be7 11.Nf2 h6 12.Be3 O-O 13.Bd3 e5 14.O-O c5 15.dxc5 dxc5 16.Qe2 Qc7
17.Nd2 Nb6 18.Nc4 Nfd7 19.Rfd1 Nxc4 20.Bxc4 Nb6 21.Bb5 Be6 22.c4 Bg5 23.Bxg5 hxg5
24.Rd2 Rad8 25.Rad1 Rd4 26.b3 Nc8 27.Rxd4 cxd4 28.Nd3 Nd6 29.Rc1 Rb8 30.h3 f6
31.Kf2 Nb7 32.Rh1 Nc5 33.Nxc5 Qxc5 34.Qd3 Kf7 35.Ba6 Qb6 36.Bb5 Rh8 37.Rc1 Rc8
38.Kg3 Ke7 39.h4 gxh4+ 40.Kxh4 Kd6 41.Kg3 Kc5 42.Rh1 Qc7 43.Kf2 Qf7 44.g4 Rf8
45.Qf1 g6 46.Rh6 f5 47.gxf5 gxf5 48.Qh3 fxe4 49.Rxe6 Qxf3+ 50.Qxf3 Rxf3+
51.Ke1 d3 52.Rxe5+ Kd4 53.Rxe4+ Kc3 54.c5 Rh3 55.Kd1 Rh1+ 56.Re1 Rh2 57.Re3  1/2-1/2

[Event "POL-chT2"]
[Site "Wisla"]
[Date "1998.??.??"]
[Round "?"]
[White "Lipski, Tadeusz"]
[Black "Tustanowski, Robert"]
[Result "1/2-1/2"]
[WhiteElo "2195"]
[BlackElo "2260"]

1.d4 Nf6 2.Nc3 d6 3.e4 e5 4.dxe5 dxe5 5.Qxd8+ Kxd8 6.Bc4 Be6 7.Bxe6 fxe6
8.f3 Bc5 9.Na4 Bb4+ 10.c3 Bd6 11.Be3 Nbd7 12.b3 Ke7 13.Ne2 b5 14.Nb2 a6 15.Kd2 Bc5
16.Nd3 Bxe3+ 17.Kxe3 Rhb8 18.Rhd1 a5 19.Rd2 g5 20.g3 c5 21.Nb2  1/2-1/2

[Event "POL-chT2"]
[Site "Wisla"]
[Date "1998.??.??"]
[Round "?"]
[White "Kubien, Jerzy"]
[Black "Masternak, Aleksander"]
[Result "1/2-1/2"]
[WhiteElo "2280"]
[BlackElo "2220"]

1.e4 d6 2.d4 Nf6 3.Nc3 e5 4.dxe5 dxe5 5.Qxd8+ Kxd8 6.Bc4 Be6 7.Bxe6 fxe6
8.Nf3 Bd6 9.Bg5 a6 10.O-O-O Ke7 11.Nd2 b5 12.f3 Nc6 13.Nb3 Rhb8 14.Kb1 a5
15.Nc1 a4 16.N3e2 h6 17.Be3 Na5 18.Nd3 Nd7 19.Bf2 b4 20.b3 c5 21.f4 axb3
22.axb3 c4 23.fxe5 Nxe5 24.Nxe5 Bxe5 25.bxc4 Nxc4 26.Bd4 Ra6 27.Bxe5 Nxe5
28.Rd4 b3 29.cxb3 Rxb3+ 30.Kc2 Rb7 31.Nc3 Rc6 32.Ra1 Rcc7 33.Ra3 Nc4 34.Rb3 Ne3+
35.Kd2 Nxg2 36.e5 g5 37.Rd6 Nf4 38.Rc6 Rxc6 39.Rxb7+ Kd8 40.Ne4 Ng6 41.Rh7 Nxe5
42.Rxh6 Nf7 43.Rh7 Ke8 44.h4 gxh4  1/2-1/2

[Event "POL-chT2"]
[Site "Wisla"]
[Date "1998.??.??"]
[Round "?"]
[White "Kaula, Iwona"]
[Black "Wiliczkiewicz, Zdzislawa"]
[Result "1/2-1/2"]
[WhiteElo "2025"]
[BlackElo "2085"]

1.e4 d6 2.d4 Nf6 3.Nc3 c6 4.a4 Nbd7 5.g3 e5 6.Nge2 Be7 7.Bg2 O-O 8.O-O Qc7
9.h3 Re8 10.Re1 a6 11.Be3 b6 12.g4 Nf8 13.Ng3 h6 14.Nf5  1/2-1/2

[Event "POL-chT2"]
[Site "Wisla"]
[Date "1998.??.??"]
[Round "?"]
[White "Dobrowolski, Piotr"]
[Black "Lobejko, Rafal"]
[Result "1/2-1/2"]
[WhiteElo "2380"]
[BlackElo "2360"]

1.e4 d6 2.d4 Nf6 3.Nc3 c6 4.f4 Qa5 5.e5 Ne4 6.Qf3 d5 7.Bd3 g6 8.Ne2 Nxc3
9.bxc3 e6 10.O-O Bd7 11.c4 Na6 12.c3 Qa4 13.c5 b6 14.cxb6 axb6 15.Bd2 b5  1/2-1/2

[Event "POL-chT2"]
[Site "Wisla"]
[Date "1998.??.??"]
[Round "?"]
[White "Juroszek, Tadeusz"]
[Black "Tustanowski, Robert"]
[Result "1/2-1/2"]
[WhiteElo "2360"]
[BlackElo "2260"]

1.e4 d6 2.d4 Nf6 3.Nc3 e5 4.Nf3 Nbd7 5.Bc4 Be7 6.O-O O-O 7.Re1 c6 8.dxe5 dxe5
9.a4 a5 10.h3 Qc7 11.Nh4 Nc5 12.Nf5 Bxf5 13.exf5 e4 14.g4 Rad8 15.Qe2 h6
16.Be3 Rfe8 17.f4 exf3 18.Qxf3 Ncd7 19.Qf2 b6 20.Rad1 Bc5 21.Bxc5 Nxc5 22.Bf1 Nfe4
23.Nxe4 Rxe4 24.Rxd8+ Qxd8 25.Rxe4 Nxe4 26.Qe3 Nf6 27.Be2 Kf8 28.Bf3 Qc7
29.Bg2 Nd7 30.Qd4 Ne5 31.b3 Ke7 32.Kf2 c5 33.Qe3 Qd6 34.Ke2 Qd4 35.c3 Qxe3+
36.Kxe3 Kd6 37.Bf1 f6 38.Ke4 Nf7 39.Kf4 Ne5 40.Ke4 Nf7 41.Kf4  1/2-1/2

[Event "POL-chT2"]
[Site "Wisla"]
[Date "1998.??.??"]
[Round "?"]
[White "Kaula, Roman"]
[Black "Lobejko, Rafal"]
[Result "1/2-1/2"]
[WhiteElo "2315"]
[BlackElo "2360"]

1.e4 d6 2.d4 Nf6 3.Nc3 c6 4.f4 Qa5 5.Bd2 e5 6.Nf3 exd4 7.Nd5 Qd8 8.Nxf6+ Qxf6
9.Bd3 Bg4 10.h3 Bxf3 11.Qxf3 Nd7 12.O-O g6 13.Qg3 Be7 14.e5 dxe5 15.fxe5 Qh4
16.Qh2 Bg5 17.e6 fxe6  1/2-1/2

[Event "POL-chT2"]
[Site "Wisla"]
[Date "1998.??.??"]
[Round "?"]
[White "Stefanek, Piotr"]
[Black "Tustanowski, Robert"]
[Result "0-1"]
[WhiteElo "2215"]
[BlackElo "2260"]

1.e4 d6 2.d4 Nf6 3.Nc3 e5 4.Nf3 Nbd7 5.Bc4 Be7 6.O-O O-O 7.a4 c6 8.Be3 b6
9.Nd2 Bb7 10.Kh1 a6 11.d5 cxd5 12.Bxd5 Nxd5 13.Nxd5 Bxd5 14.exd5 f5 15.f3 Bg5
16.Bg1 b5 17.Nb3 b4 18.Qd3 Qc7 19.a5 g6 20.Ra4 Rfc8 21.Rxb4 Qxc2 22.Qxc2 Rxc2
23.Rb1 Bd8 24.f4 Kf7 25.fxe5 dxe5 26.Rb7 Ke8 27.Bb6 Rb8 28.Rxb8 Nxb8 29.Be3 Nd7
30.Bd2 Nc5 31.Nxc5 Rxc5 32.d6 Bxa5 33.b4 Rd5 34.bxa5 Rxd2 35.Kg1 Rxd6 36.Rb8+ Ke7
37.Rb7+ Ke6 38.Rxh7 Rd5 39.Rb7 Rxa5 40.Rb6+ Kf7 41.Kf2 Kg7 42.Re6 Kh6 43.h4 Kh5
44.Rf6 Ra2+ 45.Kg3 Ra3+ 46.Kf2 a5 47.Ra6 e4 48.g3 Ra2+ 49.Ke3 a4 50.Rb6 Rg2
51.Kf4 Rf2+ 52.Ke5 a3  0-1

[Event "EUCup final (Women)"]
[Site "Wuppertal"]
[Date "1998.??.??"]
[Round "3"]
[White "Arnhold, Kerstin"]
[Black "Kostic, Maja"]
[Result "1-0"]
[WhiteElo "2020"]
[BlackElo "2235"]

1.e4 d6 2.d4 Nf6 3.Nc3 c6 4.f4 Qa5 5.Bd3 e5 6.Nf3 Bg4 7.O-O exd4 8.e5 dxc3
9.exf6 cxb2 10.Qe1+ Qxe1 11.Rxe1+ Kd7 12.Bxb2 gxf6 13.Bxf6 Rg8 14.Bxh7 Rg7
15.Bxg7 Bxg7 16.Rab1 b6 17.Ng5 Na6 18.h3 Be6 19.Nxe6 fxe6 20.f5 Bd4+ 21.Kh1 Be5
22.Rf1 Nc7 23.fxe6+ Kxe6 24.c4 Rh8 25.Bf5+ Ke7 26.Bg6 Bf6 27.Rbe1+ Ne6 28.Be4 c5
29.Bd5 Be5 30.Rf5 Rh6 31.Re3 a6 32.Rb3 b5 33.cxb5 axb5 34.Rxb5 Nd8 35.Ra5 Rh4
36.Ra7+ Ke8 37.Bf3 Ne6 38.Bc6+ Kd8 39.Rff7 Nc7 40.Raxc7  1-0

[Event "EUCup final (Women)"]
[Site "Wuppertal"]
[Date "1998.??.??"]
[Round "6"]
[White "Medunova, Vera"]
[Black "Markovic, Gordana"]
[Result "0-1"]
[WhiteElo "2180"]
[BlackElo "2235"]

1.e4 d6 2.d4 Nf6 3.Nc3 e5 4.dxe5 dxe5 5.Qxd8+ Kxd8 6.Bc4 Be6 7.Bxe6 fxe6
8.Nf3 Bd6 9.Bd2 a6 10.Ng5 Ke7 11.f3 h6 12.Nh3 Nc6 13.O-O-O Bc5 14.Rhe1 Nh5
15.Be3 Bxe3+ 16.Rxe3 Rad8 17.Red3 Rxd3 18.Rxd3 Nf4 19.Nxf4 exf4 20.Ne2 g5
21.Rb3 Rb8 22.Rc3 Rc8 23.Rb3 b6 24.Ra3 a5 25.Ra4 b5 26.Ra3 b4 27.Rd3 Ne5
28.Rd1 c5 29.b3 a4 30.Rh1 a3 31.c3 Rd8 32.cxb4 Nd3+ 33.Kc2 Nxb4+ 34.Kc3 Nxa2+
35.Kc4 Rd2 36.Re1 Rc2+ 37.Kd3 Nb4+  0-1

[Event "Zadar op"]
[Site "Zadar"]
[Date "1998.??.??"]
[Round "5"]
[White "Bilobrk, Franjo"]
[Black "Kutuzovic, Branko"]
[Result "0-1"]
[WhiteElo "2365"]
[BlackElo "2425"]

1.d4 d6 2.e4 Nf6 3.Nc3 c6 4.Nf3 Bg4 5.Be2 e6 6.O-O Be7 7.e5 dxe5 8.Nxe5 Bxe2
9.Nxe2 Nbd7 10.Bg5 Qa5 11.Nxd7 Qxg5 12.Ne5 Ng4 13.Nf3 Qa5 14.Qd2 Qxd2 15.Nxd2 c5
16.dxc5 Bxc5 17.Ne4 Be7 18.Rfd1 Nf6 19.Nd2 O-O-O 20.Nf3 Ne4 21.Ne5 Bc5 22.Nd3 Bb6
23.Kf1 f6 24.Nec1 Nc5 25.Ke2 Na4 26.Nb3 e5 27.f3 Rhe8 28.Nd2 f5 29.Rab1 Bc7
30.h3 h5 31.Nf2 h4 32.Nf1 Rxd1 33.Kxd1 Bb6 34.Ke2 Kd7 35.Nd2 Rc8 36.c3 Bxf2
37.Kxf2 Ke6 38.Ke2 Rd8 39.Nf1 Rc8 40.Kd2 b5 41.Ne3 Rc6 42.Nd1 Nc5 43.b3 Rd6+
44.Kc2 e4 45.b4 Nd3 46.fxe4 Ne1+ 47.Kb3 Nxg2 48.Rb2 Nf4 49.exf5+ Kxf5 50.Nf2 Nd3
51.Rc2 Ne5 52.a4 a6 53.Re2 Nc4 54.a5 Kf4 55.Ka2 Kf3 56.Rc2 g5 57.Ka1 Re6
58.Nd3 Kg3 59.Nc5 Rg6 60.Ne4+ Kxh3 61.Rf2 g4  0-1

[Event "Zadar op"]
[Site "Zadar"]
[Date "1998.??.??"]
[Round "7"]
[White "Ljubicic, Filip"]
[Black "Biti, Ozren"]
[Result "1-0"]
[WhiteElo "2385"]
[BlackElo "2220"]

1.d4 d6 2.e4 Nf6 3.Nc3 c6 4.h3 Qa5 5.Bd3 e5 6.Nf3 Nbd7 7.O-O Be7 8.a3 O-O
9.Bd2 Qc7 10.Be3 Re8 11.Nd2 Nf8 12.f4 Ne6 13.Ne2 b6 14.c3 Bb7 15.Qe1 c5 16.d5 Nxf4
17.Nxf4 exf4 18.Bxf4 a6 19.a4 Nd7 20.Qg3 Ne5 21.Bxe5 dxe5 22.Nc4 b5 23.Ne3 c4
24.Nf5 Qb6+ 25.Kh1 Bf8 26.Be2 g6 27.Qg5 Qd8 28.Nh6+ Bxh6 29.Qxh6 Rf8 30.Qe3 Qd6
31.Qg5 Kg7 32.Rf2 f6 33.Qe3 Rf7 34.Bg4 b4 35.cxb4 Qxb4 36.Rc2 Rc7 37.a5 Rc5
38.Be6 Rf8 39.Bd7 Bc8 40.Ra4 Qb7 41.Qxc5  1-0

[Event "Ardid mem 10th op"]
[Site "Zaragoza"]
[Date "1998.??.??"]
[Round "2"]
[White "Degraeve, Jean Marc"]
[Black "Moran Rodriguez, Luciano"]
[Result "1-0"]
[WhiteElo "2525"]
[BlackElo "2085"]

1.e4 d6 2.d4 Nf6 3.Nc3 Nbd7 4.Nf3 e5 5.Bc4 Be7 6.O-O O-O 7.Re1 c6 8.a4 b6
9.d5 Bb7 10.dxc6 Bxc6 11.Bg5 Rc8 12.Ba6 Rb8 13.Bxf6 Nxf6 14.Qe2 Nh5 15.Rad1 Nf4
16.Qf1 Qe8 17.Bb5 Rc8 18.Bxc6 Rxc6 19.Qb5 Qc8 20.g3 Rc5 21.Qf1 Qg4 22.Nd2 Rfc8
23.f3 Qg6 24.Kh1 Ne6 25.Nd5 Bd8 26.c3 h5 27.Ne3 R5c6 28.Ndc4 Ng5 29.b3 a6
30.Nf5 Rb8 31.h4 Ne6 32.Nxe5 dxe5 33.Rxd8+  1-0

[Event "Rilton Cup 9899"]
[Site "Stockholm"]
[Date "1999.01.02"]
[Round "5"]
[White "Stefansson, Hannes"]
[Black "Bezold, Michael"]
[Result "1/2-1/2"]
[WhiteElo "2535"]
[BlackElo "2490"]

1.e4 d6 2.d4 Nf6 3.Nc3 e5 4.Nf3 Nbd7 5.Bc4 Be7 6.O-O O-O 7.Re1 a6 8.a4 b6
9.b3 Bb7 10.d5 Kh8 11.Nd2 Ng8 12.Bf1 g6 13.a5 f5 14.axb6 cxb6 15.Na2 Qc7
16.c4 Rf7 17.exf5 gxf5 18.Qh5 Raf8 19.f4 Qc5+ 20.Kh1 Qd4 21.Rb1 Qf2 22.Qd1 Ngf6
23.fxe5 Nxe5 24.Qe2 Qc5 25.Bb2 Rg8 26.Nf3 Ne4 27.Bd4 Qc7 28.Nc3 Bf6 29.Bxe5 dxe5
30.Nxe4 fxe4 31.Qxe4 Bc8 32.Rbd1 Qd6 33.h3 Rfg7 34.Bd3 Qc5 35.Nxe5 Qd6 36.Qf4 Bxe5
37.Rxe5 Rxg2 38.Qd4 Qf6 39.Rh5 Rg1+ 40.Rxg1 Rxg1+ 41.Qxg1 Qf3+ 42.Kh2 Qxh5
43.Qg3 a5 44.h4 h6 45.Qf4 Kg7 46.Kg3 Bd7 47.Be4 Qd1 48.Qe5+ Kf7 49.Bf3 Qg1+
50.Bg2 Qd1 51.Qf4+ Kg7 52.Kh2 Qg4 53.Qf2 Qg6 54.Bh3 Be8 55.Bf5 Qf6 56.Kg2 Kf8
57.Qf3 Ke7 58.Qe3+ Kf8 59.Bd3 Bh5 60.Bc2 Qg7+ 61.Kh2 Qf6 62.Qg3 Be8 63.Kg2 Bd7
64.h5 Ke7 65.Qe3+ Kf8 66.Bg6 Kg7 67.Kg3 Qd6+ 68.Kf2 Qc5 69.Qxc5 bxc5 70.Kf3 Kf6
71.Kf4 a4 72.bxa4 Bxa4 73.d6 Ke6 74.d7 Kxd7 75.Ke5 Ke7 76.Kd5 Bb3 77.Kxc5  1/2-1/2

[Event "Bad Zwesten op"]
[Site "Bad Zwesten"]
[Date "1999.01.04"]
[Round "5"]
[White "Zumsande, Martin"]
[Black "Voss, Edgar"]
[Result "1-0"]
[WhiteElo "2316"]
[BlackElo "2090"]

1.e4 d6 2.d4 Nf6 3.Nc3 c6 4.f4 Qa5 5.e5 Ne4 6.Qf3 Nxc3 7.Bd2 Bf5 8.Bc4 d5
9.Bxc3 Qb6 10.Bb3 a5 11.a4 e6 12.Ne2 h5 13.Ng3 Bg4 14.Qf2 h4 15.Nf1 Bf5 16.Ne3 g6
17.Nxf5 gxf5 18.Rd1 Na6 19.O-O c5 20.dxc5 Bxc5 21.Bd4 Rc8 22.Rd3 Bxd4 23.Qxd4 Qxd4+
24.Rxd4 Nc5 25.Ba2 h3 26.c4 dxc4 27.Bxc4 hxg2 28.Rf2 Ke7 29.b3 Rhd8 30.Rxd8 Rxd8
31.Kxg2 Rd4 32.h4 f6 33.exf6+ Kxf6 34.Kf3 Nd3 35.Ke3 Nxf2 36.Kxd4 b6 37.h5 Nh3
38.Ke3 e5 39.fxe5+ Kxe5 40.h6 f4+ 41.Kf3 Ng5+ 42.Kg4 Ne4 43.Bd3 Nf6+ 44.Kf3 Kd4
45.h7 Nxh7 46.Bxh7 Kc5 47.Bf5 b5 48.axb5 Kxb5 49.Bd7+ Kb4 50.Ba4  1-0

[Event "Bad Zwesten op"]
[Site "Bad Zwesten"]
[Date "1999.01.06"]
[Round "9"]
[White "Kleinschroth, Roland"]
[Black "Kountz, Jochen"]
[Result "1/2-1/2"]
[WhiteElo "2180"]
[BlackElo "2311"]

1.e4 d6 2.d4 Nf6 3.Nc3 e5 4.dxe5 dxe5 5.Qxd8+ Kxd8 6.Bc4 Be6 7.Bxe6 fxe6
8.Nge2 Nbd7 9.f3 c6 10.Be3 Kc7 11.O-O-O b5 12.Kb1 Bc5 13.Bxc5 Nxc5 14.Nc1 Nh5
15.Nd3 Nxd3 16.Rxd3 Nf4 17.Rd2 Rad8 18.Rhd1 b4 19.Na4 Nxg2 20.Nc5 Nf4 21.Na6+ Kc8
22.Nxb4 Rxd2 23.Rxd2 Kc7 24.c4 c5 25.Nd3 Nxd3 26.Rxd3 Rf8 27.Kc2 Rf6 28.Kb3 Rg6
29.Rd2 Rf6 30.Rf2 g5 31.Kc3 Rf8 32.Kd3 Rd8+ 33.Ke2 a5 34.b3 a4 35.Rf1 Ra8
36.Rd1 axb3 37.axb3 Ra3 38.Rd3 h6 39.Kf2 Ra1 40.Kg3 Rg1+ 41.Kf2 Rb1 42.Kg3 h5
43.h3 Kc6 44.h4 g4 45.f4 Re1 46.fxe5 Rxe4 47.Rd6+ Kc7 48.Rxe6 Re3+ 49.Kf4 Rxb3
50.Rh6 Rc3 51.Rxh5 Rxc4+ 52.Kg3 Re4 53.Rf5 c4 54.h5 c3 55.Rf2 Rxe5 56.Kxg4 Kd6
57.h6 Kd5 58.h7 Re8 59.Rh2 Rh8 60.Kf5 Kd4  1/2-1/2

[Event "Bad Zwesten op"]
[Site "Bad Zwesten"]
[Date "1999.01.06"]
[Round "9"]
[White "Sobolevsky, Leonid"]
[Black "Voss, Edgar"]
[Result "1-0"]
[WhiteElo "2290"]
[BlackElo "2090"]

1.e4 d6 2.d4 Nf6 3.Nc3 c6 4.Bd3 e5 5.Nf3 Qc7 6.h3 Be7 7.Qe2 h6 8.Be3 Be6
9.O-O Nbd7 10.a4 O-O 11.Nd2 d5 12.exd5 Nxd5 13.Nxd5 Bxd5 14.Qg4 Be6 15.Qg3 Kh8
16.Rfe1 Bf6 17.Ne4 Be7 18.Nc3 Bf6 19.Ne4 Be7 20.Rad1 Rfe8 21.dxe5 Qxe5 22.Bf4 Qxb2
23.Rb1 Qd4 24.Rxb7 Nc5 25.Rxe7 Rxe7 26.Be5  1-0

[Event "BL2-O9899"]
[Site "Germany"]
[Date "1999.01.10"]
[Round "4.2"]
[White "Siepelt, Heiner"]
[Black "Pribyl, Josef"]
[Result "0-1"]
[WhiteElo "2325"]
[BlackElo "2430"]

1.e4 d6 2.d4 Nf6 3.Nc3 e5 4.Nf3 Nbd7 5.a4 Be7 6.g3 O-O 7.Bg2 c6 8.O-O b6
9.Re1 Bb7 10.b3 a6 11.Bb2 Re8 12.Qd2 Bf8 13.Rad1 Qc7 14.h3 b5 15.Nh4 g6 16.Kh2 Bg7
17.dxe5 dxe5 18.Ba3 Bf8 19.Bd6 Bxd6 20.Qxd6 Qxd6 21.Rxd6 Kf8 22.f4 Ke7 23.Rd2 Rad8
24.Rf2 Nh5 25.Bf3 Ng7 26.Bg4 f6 27.Bxd7 Rxd7 28.fxe5 fxe5 29.Nf3 Kd8 30.Ng5 Nh5
31.Nf7+ Kc7 32.g4 Ng7 33.Ref1 Ree7 34.a5 c5 35.Rf6 Ne8 36.R6f2 Bc6 37.Ng5 b4
38.Nd1 Nf6 39.Re1 h6 40.Nf3 Nxe4 41.Rff1 Nd2 42.Nxd2 Rxd2+ 43.Rf2 Red7  0-1

[Event "Caribbean op"]
[Site "Port of Spain"]
[Date "1999.01.13"]
[Round "3"]
[White "Ostos, Julio"]
[Black "Stripunsky, Alexander"]
[Result "1/2-1/2"]
[WhiteElo "2330"]
[BlackElo "2520"]

1.e4 d6 2.d4 Nf6 3.Nc3 c6 4.a4 Qc7 5.h3 Nbd7 6.Nf3 g6 7.Bc4 d5 8.exd5 Nb6
9.Qe2 Nbxd5 10.Nxd5 cxd5 11.Bb5+ Bd7 12.O-O a6 13.Bxd7+ Nxd7 14.Re1 Rc8 15.Bg5 f6
16.Bh6 Qd6 17.Qd2 g5 18.Bxf8 Nxf8 19.Nh2 Ng6 20.Ng4 O-O 21.c3 Rce8 22.Qc2 e6
23.g3 Kg7 24.Qe2 h5 25.Ne3 h4 26.Nf1 f5 27.Rad1 hxg3 28.fxg3 Rh8 29.Kg2 f4
30.Qg4 fxg3 31.Qxg5 Kf7 32.Nxg3 Nh4+ 33.Kf2 Reg8 34.Qe5 Qxe5 35.Rxe5 Ng6
36.Rh5 Rxh5 37.Nxh5  1/2-1/2

[Event "Sevilla op"]
[Site "Sevilla"]
[Date "1999.01.13"]
[Round "8"]
[White "Yakovich, Yuri"]
[Black "Romero Garcia, Mariano"]
[Result "1-0"]
[WhiteElo "2565"]
[BlackElo "2285"]

1.d4 d6 2.e4 Nf6 3.Nc3 c6 4.f4 Qa5 5.Bd3 e5 6.Nf3 Bg4 7.Be3 Nbd7 8.O-O Be7
9.h3 Bxf3 10.Qxf3 O-O 11.Ne2 c5 12.dxe5 dxe5 13.Nc3 Bd6 14.f5 Nb6 15.Qe2 Rfd8
16.a3 Rac8 17.Bc4 Nxc4 18.Qxc4 a6 19.Bg5 b5 20.Qe2 Be7 21.Bxf6 Bxf6 22.Nd5 Rd6
23.Rad1 Qd8 24.a4 c4 25.Qg4 Kf8 26.axb5 axb5 27.Kh1 Ra8 28.c3 Ra7 29.Qg3 Ra2
30.Qf2 Qc8 31.Nb4 Rxd1 32.Rxd1 Ra8 33.Qb6 Qe8 34.Nc6 Rc8 35.Na7 Rb8 36.Qc7 Kg8
37.Rd7 b4 38.Nc6 Rc8 39.Qd6 bxc3 40.bxc3 Ra8 41.Ne7+ Kh8 42.Nd5 Bg5 43.f6 gxf6
44.Nc7 Ra1+ 45.Kh2 Bf4+ 46.g3 Bxg3+ 47.Kg2 Ra2+ 48.Kf3  1-0

[Event "Tapolca op"]
[Site "Budapest"]
[Date "1999.01.15"]
[Round "8"]
[White "Pal, Geza"]
[Black "Szirmai, Eduard"]
[Result "1-0"]
[WhiteElo "2275"]
[BlackElo "2170"]

1.e4 d6 2.d4 Nf6 3.Nc3 c6 4.Be2 Qa5 5.Qd3 e5 6.Nf3 Be7 7.O-O O-O 8.a3 Qc7
9.h3 Re8 10.Bg5 Nbd7 11.Rad1 Nf8 12.d5 c5 13.Nxe5 dxe5 14.d6 Bxd6 15.Qxd6 Qxd6
16.Rxd6 Be6 17.Rfd1 Re7 18.f4 h6 19.Bh4 Rd7 20.Rxd7 Bxd7 21.fxe5 N6h7 22.Be7 b6
23.Nd5 Be6 24.Bb5 Ng5 25.Bc6 Rb8 26.Bd6 Rd8 27.Bc7 Bxd5 28.exd5 Rc8 29.d6 Nge6
30.Bb7 Re8 31.d7 Re7 32.Bc8 Nxd7 33.Bd6 c4 34.Bxe7  1-0

[Event "Geneve op"]
[Site "Geneve"]
[Date "1999.01.23"]
[Round "1"]
[White "Ehlvest, Jaan"]
[Black "Velikhanli, Firuza"]
[Result "1/2-1/2"]
[WhiteElo "2593"]
[BlackElo "2312"]

1.d4 d6 2.e4 Nf6 3.Nc3 c6 4.f3 e5 5.Be3 Be7 6.Nge2 O-O 7.g4 b5 8.Ng3 b4 9.Nce2 Re8
10.Qd2 Bf8 11.Bg2 exd4 12.Bxd4 d5 13.e5 Nfd7 14.f4 Nb6 15.h3 Nc4 16.Qd3 Ba6
17.Qf3 Nd7 18.b3 Na3 19.Rc1 f6 20.exf6 Nxf6 21.O-O Nb5 22.Bf2 Nc3 23.Nxc3 Bxf1
24.Rxf1 bxc3 25.Qxc3 Qd7 26.Rd1 Qf7 27.Bd4 Rac8 28.Rf1 Red8 29.g5 Nh5 30.Nxh5 Qxh5
31.Bxa7 c5 32.a4 Kh8 33.Bb6 Rd6 34.a5 Qg6 35.Qd2 Qf5 36.Re1 Re6 37.Rxe6 Qxe6
38.Kf2 Re8 39.Kg3 d4 40.Bf3 Bd6 41.b4 Qf5 42.bxc5 Qxg5+ 43.Bg4 Bxf4+ 44.Qxf4 Re3+
45.Qxe3 Qxe3+ 46.Bf3 Qg5+ 47.Kf2 Qd2+ 48.Kg3 Qg5+  1/2-1/2

[Event "Maalox Plus op"]
[Site "Brasilia"]
[Date "1999.01.24"]
[Round "6"]
[White "Van Riemsdijk, Herman C"]
[Black "Pelikian, Jefferson"]
[Result "1/2-1/2"]
[WhiteElo "2405"]
[BlackElo "2415"]

1.e4 d6 2.d4 Nf6 3.Nc3 c6 4.f4 Qa5 5.Bd2 Qc7 6.Nf3 Bg4 7.h3 Bxf3 8.Qxf3 e5
9.dxe5 dxe5 10.O-O-O Nbd7 11.g4 Bd6 12.g5 Ng8 13.f5 Ne7 14.h4 O-O-O 15.h5 Kb8
16.f6 gxf6 17.gxf6 Nc8 18.Bh6 Bb4 19.Bh3 Nd6 20.Ne2 b5 21.Bg7 Rhe8 22.Bf5 Nc4
23.Bxh7 Qa5 24.Kb1 Nd2+ 25.Rxd2 Bxd2 26.Bf5 Nb6 27.Qa3 Qxa3 28.bxa3 Nc4 29.h6 Nxa3+
30.Kb2 Nc4+ 31.Kb3 Na5+ 32.Kb2 Nc4+ 33.Kb3 Na5+  1/2-1/2